| 000 | 00987nam a2200229 i 4500 | ||
|---|---|---|---|
| 001 | 127882 | ||
| 003 | ES-MaACL | ||
| 005 | 20250901200228.0 | ||
| 007 | t| | ||
| 008 | 070214s1913 sp r ||||1| spa d | ||
| 100 | 1 |
_aRivera Pastor, Francisco, _d1878-1936 _997663 |
|
| 245 | 1 | 0 |
_aLógica de la libertad _b: (principios de la doctrina del Derecho) / _cpor Francisco Rivera Pastor. |
| 260 |
_a[Madrid : _bJunta para Ampliación de Estudios e Investigaciones Científicas, _c1913] |
||
| 300 |
_aP. 402-448 ; _c24 cm. |
||
| 490 | 1 |
_aAnales de la Junta para Ampliación de Estudios e Investigaciones Científicas ; _vt. 9, memoria 6 |
|
| 650 | 0 | 4 |
_aLibertad. _914400 |
| 710 | 2 |
_aJunta para la Ampliación de Estudios e Investigaciones Científicas. _95413 |
|
| 830 | 0 |
_aAnales de la Junta para Ampliación de Estudios e Investigaciones Científicas ; _vt. 9, memoria 6 _9186710 |
|
| 852 |
_aES-MaACL _jT-1363-F-6 |
||
| 852 |
_aES-MaACL _jB-13165(5) |
||
| 999 |
_c127882 _d127882 |
||